| 000 | 00545nam a2200205Ia 4500 | ||
|---|---|---|---|
| 005 | 20250923145854.0 | ||
| 008 | 008 250917s9999 xx 000 0 eng d | ||
| 037 | _aTextual | ||
| 040 |
_aDSWL _beng _cDSWL |
||
| 041 |
_aeng _2eng |
||
| 084 |
_aQ:3:2:g, N93 _qDSWL |
||
| 100 |
_aBharucha, R. _9839796 |
||
| 245 | 4 |
_aThe question of faith _c by R. Bharucha |
|
| 260 |
_aNew Delhi _bOrient _c1993 |
||
| 300 | _aix,94p. | ||
| 365 |
_aINR _b30.00 |
||
| 925 | _g30.00 | ||
| 942 |
_cTEXL _hQ:3:2:g, N93 |
||
| 999 |
_c1456753 _d1456753 |
||